01022nam a2200217 a 450000100100000000500170001000800410002704000130006808200160008110000370009724500960013426000420023030000340027250000630030670000480036904900090041795201290042695201200055595201140067599900150078900001014320200929161850.0091005s1996 dr acg 001 0 spa d aDO-SdBNP axxxxbL788c1 aLivios Grullón, Francis92513614aLos colores de la vida /cFrancis Livios Grullón ; prólogo Ángel Concepción Lajara. aSanto Domingo :aAlfa & Omega,c1996. a234 p. :bil., mús., retrs. aIncluye datos biográficos del autor en la contracubierta1 aCocepción Lajara, Ángelepról.925137 aBNPD 001052708DSaGRbGRcCTd2009-10-05iLF1l0oxxxx L788cp10143-30r2020-06-25te. 3w2020-06-25yLFDSZPréstamo interno 0010718PDaPDbPDcCTd2009-10-05iLF1l0oxxxx L788cp10143-10r2020-06-25te. 2w2020-06-25yLFPDZNo se presta 0010718PDaPDbPDcCTd2009-10-05iLF1l0oxxxx L788cp10143-20r2020-06-25w2020-06-25yLFPDZNo se presta c9902d9902